Even Numbers in 250 (Clickable) Quiz Stats

 Plays Quiz not verified by Sporcle

Challenge
Share
Tweet
Embed
Score 0/125 Timer 01:30
0 Plays Today
% Correct
???
57.1%
???
57.1%
???
53.6%
???
53.6%
???
53.6%
???
50%
???
50%
???
50%
???
46.4%
???
46.4%
???
46.4%
???
46.4%
???
46.4%
???
46.4%
???
46.4%
???
46.4%
???
46.4%
???
46.4%
???
46.4%
???
46.4%
???
42.9%
???
42.9%
???
42.9%
???
42.9%
???
42.9%
???
42.9%
???
42.9%
???
42.9%
???
42.9%
???
42.9%
???
42.9%
???
42.9%
???
42.9%
???
42.9%
???
42.9%
???
42.9%
???
42.9%
???
42.9%
???
42.9%
???
42.9%
???
42.9%
???
42.9%
% Correct
???
42.9%
???
42.9%
???
42.9%
???
42.9%
???
42.9%
???
42.9%
???
39.3%
???
39.3%
???
39.3%
???
39.3%
???
39.3%
???
39.3%
???
39.3%
???
39.3%
???
39.3%
???
39.3%
???
39.3%
???
39.3%
???
39.3%
???
39.3%
???
39.3%
???
39.3%
???
39.3%
???
39.3%
???
39.3%
???
39.3%
???
39.3%
???
39.3%
???
39.3%
???
39.3%
???
39.3%
???
39.3%
???
39.3%
???
39.3%
???
39.3%
???
39.3%
???
39.3%
???
39.3%
???
39.3%
???
39.3%
???
35.7%
???
35.7%
% Correct
???
35.7%
???
35.7%
???
35.7%
???
35.7%
???
35.7%
???
35.7%
???
35.7%
???
35.7%
???
35.7%
???
35.7%
???
35.7%
???
35.7%
???
35.7%
???
35.7%
???
35.7%
???
35.7%
???
35.7%
???
35.7%
???
35.7%
???
32.1%
???
32.1%
???
32.1%
???
32.1%
???
32.1%
???
32.1%
???
32.1%
???
32.1%
???
32.1%
???
32.1%
???
32.1%
???
32.1%
???
32.1%
???
28.6%
???
28.6%
???
28.6%
???
28.6%
???
28.6%
???
28.6%
???
28.6%
???
25%
???
25%

You're not logged in!

Compare scores with friends on all Sporcle quizzes.
Join for Free
OR
Log In

You Might Also Like...

Show Comments

Extras

Created Dec 20, 2016ReportNominate
Tags:Clickable Quiz, 300, minute, multiple

Top Quizzes Today


Score Distribution

Your Account Isn't Verified!

In order to create a playlist on Sporcle, you need to verify the email address you used during registration. Go to your Sporcle Settings to finish the process.

Report this User

Report this user for behavior that violates our Community Guidelines.

Details: